000 00695nam a2200205Ia 4500
003 GCL
008 140319s9999 xx 000 0 ara d
020 _a7458270977
040 _aGCL /
_cGCL
082 0 4 _a811.009
_bص ن
100 1 _aصبرى العسكرى
245 1 0 _aنزار قباني والثورة العربية /
_cصبرى العسكرى
260 _aبيروت :
_bالدار المصرية اللبنانية ،
_c1998
300 _a91 ص ؛
_c17 سم
490 _a
650 0 4 _aالشعر العربى
650 0 4 _aالشعر العربى - تاريخ ونقد
650 0 4 _aالشعر العربى - تاريخ ونقد - العصرالحديث
942 _2ddc
_cBK
999 _c54573
_d54573